PSYCHOLOGY & SOCIOLOGY NURSING FOR GNM (Record no. 10810)

MARC details
000 -LEADER
fixed length control field 00352nam a22001577a 4500
003 - CONTROL NUMBER IDENTIFIER
control field SGT
020 ## - INTERNATIONAL STANDARD BOOK NUMBER
International Standard Book Number 978-93-5152-402-1
082 ## - DEWEY DECIMAL CLASSIFICATION NUMBER
Classification number 150
Item number P14S
100 ## - MAIN ENTRY--PERSONAL NAME
Personal name SHARDA, POONAM
245 ## - TITLE STATEMENT
Title PSYCHOLOGY & SOCIOLOGY NURSING FOR GNM
250 ## - EDITION STATEMENT
Edition statement 2ND
260 ## - PUBLICATION, DISTRIBUTION, ETC. (IMPRINT)
Place of publication, distribution, etc INDIA
Name of publisher, distributor, etc JAYPEE
Year of Publication 2014
300 ## - PAGE DESCRIPTION
No. of Pages 97
650 ## - SUBJECT ADDED ENTRY--TOPICAL TERM
Topical term or geographic name as entry element PSYCHOLOGY
942 ## - ADDED ENTRY ELEMENTS (KOHA)
Source of classification or shelving scheme Dewey Decimal Classification
Koha item type Books
942 ## - ADDED ENTRY ELEMENTS (KOHA)
-- 53
Holdings
Withdrawn status Lost status Source of classification or shelving scheme Damaged status Not for loan Collection code Home library Current library Shelving location Date acquired Vendor Name Cost, normal purchase price SGTU Bill Number Total Checkouts Full call number Accession No. (Barcode) Date last seen Date last borrowed Bill Date Koha item type
    Dewey Decimal Classification     NURSING SGT Medical Library SGT Medical Library Text Book 08/02/2017 ABC 110.00 SGTU 7429 4 150 P14S FN3166 22/04/2022 08/04/2022 04/11/2016 Books
    Dewey Decimal Classification     NURSING SGT Medical Library SGT Medical Library Text Book 08/02/2017 ABC 110.00 SGTU 7429 13 150 P14S FN3167 22/03/2025 24/02/2025 04/11/2016 Books
    Dewey Decimal Classification     NURSING SGT Medical Library SGT Medical Library Text Book 08/02/2017 ABC 110.00 SGTU 7429 1 150 P14S FN3168 31/05/2019 21/05/2019 04/11/2016 Books
    Dewey Decimal Classification     NURSING SGT Medical Library SGT Medical Library Text Book 08/02/2017 ABC 110.00 SGTU 7429 6 150 P14S FN3169 23/03/2023 09/03/2023 04/11/2016 Books
    Dewey Decimal Classification     NURSING SGT Medical Library SGT Medical Library Text Book 08/02/2017 ABC 110.00 SGTU 7429 8 150 P14S FN3170 22/03/2024 01/03/2024 04/11/2016 Books
    Dewey Decimal Classification     NURSING SGT Medical Library SGT Medical Library Text Book 08/02/2017 ABC 110.00 SGTU 7429 12 150 P14S FN3171 25/09/2024 09/09/2024 04/11/2016 Books
    Dewey Decimal Classification     NURSING SGT Medical Library SGT Medical Library Text Book 08/02/2017 ABC 110.00 SGTU 7429 8 150 P14S FN3172 21/03/2024 04/03/2024 04/11/2016 Books
    Dewey Decimal Classification     NURSING SGT Medical Library SGT Medical Library Text Book 08/02/2017 ABC 110.00 SGTU 7429 2 150 P14S FN3173 11/08/2021 30/07/2021 04/11/2016 Books
    Dewey Decimal Classification     NURSING SGT Medical Library SGT Medical Library Text Book 08/02/2017 ABC 110.00 SGTU 7429 4 150 P14S FN3174 06/03/2024 29/02/2024 04/11/2016 Books
    Dewey Decimal Classification     NURSING SGT Medical Library SGT Medical Library Text Book 08/02/2017 ABC 110.00 SGTU 7429 7 150 P14S FN3175 11/07/2023 26/06/2023 04/11/2016 Books